000 00324 a2200157 4500
001 74133
020 _a857472-0224
040 _cAnchieta - Colégio São Paulo
100 _aGovone, Osvaldo Antonio
240 1 0 _aFísica
_lpor
245 1 0 _aFísica
300 _a91
362 0 _a2000
650 4 _aFísica
942 _cBK
999 _c74133
_d74133